|
|
|
|
| LEADER |
00000nab a2200000 a 4500 |
| 001 |
vtls000853598 |
| 003 |
SK-MaSNL |
| 005 |
20260304105831.0 |
| 008 |
250429c2002 xo 0 slo |
| 015 |
|
|
|a SNBRB2003/11-33382
|
| 035 |
|
|
|a CLN000205253
|
| 035 |
|
|
|a urn:nbn:sk:snk-ab9c5g
|
| 035 |
|
|
|a (urnnbn)urn:nbn:sk:snk:ar-a088km
|
| 035 |
|
|
|a (uuid)bee2c620-fe92-40ff-8585-89e153ec9822
|
| 040 |
|
|
|a SNKBUCL
|b slo
|c SNKBUCL
|e AACR2
|
| 041 |
0 |
|
|a eng
|
| 044 |
|
|
|a xo
|c SK
|
| 080 |
|
|
|a 553.078(234.32)
|2 1997
|
| 080 |
|
|
|a 004.9.031.42:553
|2 1997
|
| 100 |
1 |
|
|a Weber, Leopold
|4 aut
|9 1407640
|
| 245 |
1 |
0 |
|a <<The>> Interactive raw material information system ("IRIS") of Austria - the computer based Metallogenetic map of Austria
|c Leopold Weber, Fritz Ebner, Günther Hausberger
|
| 300 |
|
|
|b Obr., tab.
|
| 504 |
|
|
|a Bibliogr. odkazy
|
| 504 |
|
|
|a Res. angl.
|
| 650 |
0 |
7 |
|a metalogenéza
|2 snkbucl
|9 109976
|
| 650 |
0 |
7 |
|a mapy
|2 snkbucl
|9 871
|
| 651 |
|
7 |
|a Východné Alpy (Rakúsko : pohorie)
|2 snkbucl
|9 172883
|
| 655 |
|
7 |
|a články z novín a časopisov
|2 snkbucl
|9 267496
|
| 700 |
1 |
|
|a Ebner, Fritz
|4 aut
|9 543416
|
| 700 |
1 |
|
|a Hausberger, Günther
|4 aut
|9 1407641
|
| 773 |
0 |
|
|t Slovak geological magazine
|g Roč. 8, č. 1 (2002), s. 89-99
|x 1335-096X
|
| 850 |
|
|
|a Slovenská národná knižnica
|
| 852 |
|
|
|a Slovenská národná knižnica
|
| 958 |
|
|
|a article13
|
| 958 |
|
|
|a OND
|
| 958 |
|
|
|a AT
|
| 958 |
|
|
|a NB
|
| 958 |
|
|
|a EUIPO
|
| 999 |
|
|
|c 2857331
|d 2859261
|